000 01087nam a22001697a 4500
008 121101t xxu||||| |||| 00| 0 eng d
020 _a0256234132
050 _aZ52.5.W655.H38
100 _aHenderson, Gloria
245 _aQuick reference guide to accompany understanding and using wordperfect 6.1 for windows. /
_cGloria Henderson
260 _bTMHEG, Inc.
_cc1997.
300 _a29 p.:
_bill.;
_c27cm.
505 _aContents: Basic formatting: Line spacing -- Punctuation -- Word division -- Letters and envelopes: Block and modified-block letters -- Two-page letters -- AMS simplified letters -- Personal-business letters -- Envelopes -- Memos -- Minutes -- Newsletters -- Outlines -- Reports: Title page -- Table of contents -- Report format -- Quotes/ellipsis -- Footnotes and endnotes -- Bibliography -- Internal citations and references -- MLA (Modern Language Association) report style -- APA (American Psychological Association) report style -- Resumes -- Tabbed columns -- Tables.
650 _bWordPerfect (Computer file)
650 _aWord processing.
942 _2lcc
_cBK
999 _c2481
_d9981